Sports Quiz

Random Sports or Basketball Quiz

1984-85 NBA Daily Points Leaders Quiz Stats

 Plays Quiz not verified by Sporcle

Challenge
Share
Tweet
Score 0/184 Timer 10:00
0 Plays Today
Date Player % Correct
10-29-84Michael Jordan
97.9%
10-31-84Larry Bird
97.9%
11-9-84Larry Bird
97.9%
11-13-84Michael Jordan
97.9%
11-19-84Michael Jordan
97.9%
11-27-84Larry Bird
97.9%
12-1-84Larry Bird
97.9%
12-9-84Larry Bird
97.9%
12-12-84Larry Bird
97.9%
12-22-84Michael Jordan
97.9%
12-27-84Michael Jordan
97.9%
1-4-85Larry Bird
97.9%
1-5-85Michael Jordan
97.9%
1-9-85Michael Jordan
97.9%
1-14-85Michael Jordan
97.9%
1-20-85Larry Bird
97.9%
1-26-85Michael Jordan
97.9%
1-27-85Larry Bird
97.9%
2-5-85Michael Jordan
97.9%
2-12-85Michael Jordan
97.9%
2-20-85Larry Bird
97.9%
2-23-85Michael Jordan
97.9%
2-24-85Larry Bird
97.9%
2-27-85Larry Bird
97.9%
3-12-85Larry Bird
97.9%
3-17-85Larry Bird
97.9%
3-20-85Michael Jordan
97.9%
3-26-85Michael Jordan
97.9%
3-28-85Michael Jordan
97.9%
3-30-85Michael Jordan
97.9%
4-5-85Michael Jordan
97.9%
4-12-85Larry Bird
97.9%
10-26-84Isiah Thomas
95.1%
11-5-84Isiah Thomas
95.1%
3-24-85Isiah Thomas
95.1%
11-14-84Moses Malone
93.6%
12-2-84Moses Malone
93.6%
12-7-84Moses Malone
93.6%
1-16-85Moses Malone
93.6%
3-6-85Jeff Malone
93.4%
3-11-85Jeff Malone
93.4%
11-29-84Eddie Johnson
91.9%
12-5-84Eddie Johnson
91.9%
1-4-85Eddie Johnson
91.9%
3-20-85Eddie Johnson
91.9%
11-25-84Dominique Wilkins
87.8%
12-10-84Dominique Wilkins
87.8%
1-2-85Dominique Wilkins
87.8%
1-12-85Dominique Wilkins
87.8%
2-2-85Dominique Wilkins
87.8%
3-9-85Dominique Wilkins
87.8%
4-13-85Dominique Wilkins
87.8%
3-3-85Kevin McHale
84.9%
3-5-85Kevin McHale
84.9%
11-5-84Alex English
84.6%
11-8-84Alex English
84.6%
11-10-84Alex English
84.6%
1-8-85Alex English
84.6%
1-31-85Alex English
84.6%
2-6-85Alex English
84.6%
2-14-85Alex English
84.6%
2-15-85Alex English
84.6%
Date Player % Correct
4-7-85Alex English
84.6%
4-10-85Alex English
84.6%
1-3-85George Gervin
83.5%
1-25-85George Gervin
83.5%
1-29-85George Gervin
83.5%
2-15-85George Gervin
83.5%
3-15-85George Gervin
83.5%
12-19-84Kareem Abdul-Jabbar
82.7%
3-24-85Kareem Abdul-Jabbar
82.7%
11-3-84Bernard King
82%
11-4-84Bernard King
82%
11-16-84Bernard King
82%
11-21-84Bernard King
82%
11-23-84Bernard King
82%
11-24-84Bernard King
82%
12-21-84Bernard King
82%
12-25-84Bernard King
82%
12-28-84Bernard King
82%
12-29-84Bernard King
82%
2-13-85Bernard King
82%
2-16-85Bernard King
82%
2-26-85Bernard King
82%
3-22-85Bernard King
82%
3-23-85Bernard King
82%
12-6-84Hakeem Olajuwon
80.7%
1-6-85Hakeem Olajuwon
80.7%
11-12-84Adrian Dantley
77.5%
12-16-84Adrian Dantley
77.5%
12-20-84Adrian Dantley
77.5%
12-26-84Adrian Dantley
77.5%
1-1-85Adrian Dantley
77.5%
1-10-85Adrian Dantley
77.5%
1-18-85Adrian Dantley
77.5%
1-22-85Adrian Dantley
77.5%
3-18-85Adrian Dantley
77.5%
4-4-85Adrian Dantley
77.5%
10-28-84Mark Aguirre
68.6%
1-28-85Mark Aguirre
68.6%
2-22-85Mark Aguirre
68.6%
3-1-85Mark Aguirre
68.6%
3-4-85Mark Aguirre
68.6%
3-10-85Mark Aguirre
68.6%
3-13-85Mark Aguirre
68.6%
4-2-85Mark Aguirre
68.6%
11-30-84Derek Smith
58.3%
3-16-85Derek Smith
58.3%
4-3-85Derek Smith
58.3%
12-15-84Ralph Sampson
58.1%
2-2-85Ralph Sampson
58.1%
2-7-85Ralph Sampson
58.1%
4-1-85Ralph Sampson
58.1%
12-23-84Tom Chambers
58%
3-27-85Tom Chambers
58%
4-4-85Tom Chambers
58%
10-27-84Kiki Vandeweghe
55.9%
11-28-84Kiki Vandeweghe
55.9%
3-8-85Kiki Vandeweghe
55.9%
11-20-84Sidney Moncrief
50.3%
1-11-85Sidney Moncrief
50.3%
10-30-84Johnny Davis
49.7%
11-1-84Larry Nance
49%
11-21-84Larry Nance
49%
Date Player % Correct
12-30-84Larry Nance
49%
3-4-85Charles Jones
48.5%
1-24-85World B. Free
48.1%
1-30-85World B. Free
48.1%
4-9-85World B. Free
48.1%
11-18-84Mychal Thompson
46.6%
12-14-84Terry Cummings
46.2%
1-2-85Bill Laimbeer
45.9%
11-28-84Jack Sikma
41.6%
12-3-84Jack Sikma
41.6%
1-23-85Jack Sikma
41.6%
2-3-85Jack Sikma
41.6%
2-18-85Andrew Toney
35%
3-20-85Andrew Toney
35%
12-4-84Orlando Woolridge
32.9%
2-21-85Reggie Theus
32.2%
3-10-85Reggie Theus
32.2%
12-19-84Micheal Ray Richardson
31.5%
4-14-85Micheal Ray Richardson
31.5%
11-2-84Darrell Griffith
31.1%
12-13-84Darrell Griffith
31.1%
11-11-84Purvis Short
30.9%
11-15-84Purvis Short
30.9%
11-17-84Purvis Short
30.9%
11-29-84Purvis Short
30.9%
12-8-84Purvis Short
30.9%
12-18-84Purvis Short
30.9%
1-7-85Purvis Short
30.9%
1-21-85Purvis Short
30.9%
2-17-85Purvis Short
30.9%
2-28-85Purvis Short
30.9%
3-2-85Purvis Short
30.9%
3-14-85Purvis Short
30.9%
3-21-85Purvis Short
30.9%
4-6-85Purvis Short
30.9%
4-11-85Sleepy Floyd
27%
12-15-84Mike Mitchell
25.7%
2-1-85Mike Mitchell
25.7%
3-7-85Mike Mitchell
25.7%
3-29-85Mike Mitchell
25.7%
3-31-85Mike Mitchell
25.7%
1-15-85Jim Paxson
23%
12-11-84Otis Birdsong
20.8%
1-19-85Norm Nixon
19.2%
3-23-85Clark Kellogg
16.9%
4-8-85Clark Kellogg
16.9%
2-19-85Darrell Walker
16.1%
1-4-85Calvin Natt
14.8%
3-7-85Calvin Natt
14.8%
11-6-84Jay Vincent
13.7%
12-28-84Jay Vincent
13.7%
3-8-85Jay Vincent
13.7%
3-19-85Jay Vincent
13.7%
11-7-84John Drew
13%
3-14-85Steve Stipanovich
8.3%
1-13-85Gerald Henderson
5.4%
2-4-85John Bagley
5.1%
1-17-85Gene Banks
3.9%
12-4-84Phil Hubbard
3.5%
3-25-85Ernie Grunfeld
2.1%

You're not logged in!

Compare scores with friends on all Sporcle quizzes.
Join for Free
OR
Log In

You Might Also Like...

Show Comments

Extras

Top Quizzes Today


Score Distribution

Your Account Isn't Verified!

In order to create a playlist on Sporcle, you need to verify the email address you used during registration. Go to your Sporcle Settings to finish the process.

Report this User

Report this user for behavior that violates our Community Guidelines.

Details: